Hokusai pop-ups

Bibliographic Details
Main Author: Mccarthy, Courtney Watson
Format: Book
Published: London : Thames and Hudson Ltd. , 2019
Subjects:

MARC

LEADER 00000cam a2200000 7i4500
001 0000278024
005 20201208101300.0
020 |a 9780500518847 
090 0 0 |a 769.92   |b MCC 
100 1 |a Mccarthy, Courtney Watson 
245 1 0 |a Hokusai pop-ups   |c Courtney Watson Mccarthy 
260 |a London :   |b Thames and Hudson Ltd. ,   |c 2019 
300 |a 16p. :   |b col. ill. ;   |c 34cm. 
600 0 0 |a Hakusai Katsushika ,   |d 1760-1849 
650 0 |a Color prints,Japanese   |x Edo period,1600-1849   |v Pictorial works 
650 0 |a Pop-up books   |x Specimens 
999 |a 00384564   |b BUKU   |c PINJAMAN   |e PERPUSTAKAAN KOMUNITI PETALING JAYA